000 00754nam a22002297a 4500
001 87575
003 UA-OsUOA
005 20211115221645.0
007 ta
008 20120920b un ||||| |||| 00| 0 ukr d
040 _aUA-OsUOA
_brus
_cUA-OsUOA
_dUA-OsUOA
041 _arus
080 _a94 (47+571)
090 _a94 (47+571)
_bВ 84
245 _aВсенародное партизанское движение в Белоруссии в годы Великой Отечественной войны (июнь1941-июлб 1944): документы и материалы в 3-х т.
260 _aМинск
_bБеларусь
_c1973
300 _a680 с.
505 _gт. 2
650 7 _a94 Історія
_2UDC
942 _cBK
_2udc
955 _a4
999 _c373618
_d373618